20 Pierwszych Krajów Według Kolejności Alfabetycznej - Statystyki

Ogólne statystyki
  • Ten quiz został rozwiązany 251 razy
  • Średni wynik to 14 z 20
Statystyki odpowiedzi
Kolejność Kraj % Poprawnych
4. Andora
87%
10. Australia
86%
11. Austria
85%
12. Azerbejdżan
85%
8. Argentyna
82%
1. Afganistan
81%
2. Albania
81%
9. Armenia
80%
17. Belgia
80%
5. Angola
76%
3. Algieria
74%
6. Antigua
73%
7. Arabia Saudyjska
69%
15. Bangladesz
63%
18. Belize
63%
16. Barbados
60%
13. Bahamy
56%
19. Benin
55%
14. Bahrajn
53%
20. Bhutan
53%
Nie znaleziono quizów pasujących do podanych kryteriów
Rozkład punktacji
Procent ludzi z każdym wynikiem
Percentyl według liczby udzielonych odpowiedzi
Twoja historia wyników
Nie rozwiązałeś tego quizu